000
00197 a2200109 4500
020
_a
7509997090412
041
_a
spa
100
_a
Anonimo
245
_a
Batman Eternal
942
_c
BK
952
_7
1
999
_c
18367
_d
18367